| 000 | 01175nam a22002897a 4500 | ||
|---|---|---|---|
| 003 | BD-DhSAU | ||
| 005 | 20220928125235.0 | ||
| 008 | 150612b2021 bg ad||| m||| 00| 0 eng d | ||
| 040 | _aBD-DhSAU | ||
| 082 |
_222 _a595.7 _bR73 |
||
| 100 |
_aRoshni, Rokaia Jamila _eRegistration no. # 14-05969 |
||
| 245 |
_aDamage assessment and management of insect and mite pests on chilli / _bMS thesis _cRokia Jamila Roshni |
||
| 260 |
_aSher-e-Bangla Agricultural Uniersity : _bDepartment of Entomology, _cJune, 2021. |
||
| 300 |
_aviii, 85 p. : _bill. ; _c30 cm. |
||
| 500 | _aMS thesis of Department of Entomology, Faculty of Agriculture, Sher-e-Bangla Agricultural University, Dhaka, Bangladesh | ||
| 504 | _aIncludes bibliographical reference. | ||
| 590 | _aKobir | ||
| 650 | _aEntomology | ||
| 650 | _aDamage assessment | ||
| 650 | _aManagement of insect | ||
| 650 | _aMite pests | ||
| 650 | _aChilli | ||
| 700 |
_aAli, Md. Razzab _eSuperviser |
||
| 700 |
_aAkter Tahmina _eCo-superviser |
||
| 856 | _uhttp://archive.saulibrary.edu.bd:8080/xmlui/handle/123456789/3850 | ||
| 942 |
_2ddc _cTHESIS |
||
| 999 |
_c16090 _d16089 |
||